| 000 | 00892nam a2200229 a 4500 | ||
|---|---|---|---|
| 001 | 85288 | ||
| 003 | BD-RjUL | ||
| 005 | 20250723113658.0 | ||
| 008 | 250723s2024 bg ||||| |||| 00| 0 ben d | ||
| 020 | _a9789849853671 | ||
| 035 | _a(BD-RjUL)85288 | ||
| 040 |
_aBD-RjUL _beng _cBD-RjUL |
||
| 041 | _aben | ||
| 082 |
_223 _a342.5492029 _bIQB 2024 |
||
| 100 |
_aইকবাল, কাজী জাহেদ _916214 |
||
| 245 |
_aবাংলাদেশের সংবিধান ইতিহাসের পুনর্পাঠ / _cকাজী জাহেদ ইকবাল |
||
| 260 |
_aঢাকা : _bকথাপ্রকাশন, _c২০২৪ |
||
| 300 |
_a৩১১ পৃ.; _c২২ সেমি. |
||
| 650 |
_aসাংবিধানিক ইতিহাস _zবাংলাদেশ _96402 |
||
| 650 |
_aConstitutional history _zBangladesh. _92679 |
||
| 942 |
_2ddc _cBK |
||
| 999 |
_c85288 _d85288 |
||